| 000 | 01367nam0a2200325 4500 | ||
|---|---|---|---|
| 001 | RU\NLR\BIBL_A\022796594 | ||
| 005 | 20260503065350.0 | ||
| 010 |
_a5-7411-0050-3 _d45 к. _91000 |
||
| 021 |
_aRU _b88-35500 |
||
| 035 | _a(NLR Aleph) 022796594 | ||
| 090 |
_a13701213 _c13701213 |
||
| 100 | _a20260428d1988 m y0rusy50 ca | ||
| 101 | 1 |
_arus _cbua |
|
| 102 | _aRU | ||
| 105 | _aa z 000gy | ||
| 181 | 0 |
_ai _baxxe |
|
| 182 | 0 | _an | |
| 200 | 1 |
_aЖивущий, да будь счастливым! _eперевод с бурятского _fДаши Дамбаев _g[вступительная статья Л. Тапхаева _gхудожник: Л.Р. Андрус] |
|
| 203 |
_aТекст _bвизуальный _cнепосредственный |
||
| 210 |
_aУлан-Удэ _cБурятское книжное издательство _d1988 |
||
| 215 |
_a110, [1] с. _cил. _d17 |
||
| 300 | _aПеред выпускными данными автор: Даши Цыреторович Дамбаев | ||
| 700 | 1 |
_7ca _8bua _aДамбаев _bД. _f1938-1975 _gДаши _9130443 _3RU\NLR\auth-onl\77387 |
|
| 702 | 1 |
_aТапхаев _bЛ. _gЛопсон _4080 |
|
| 702 | 1 |
_aАндрус _bЛ. Р. _cхудожник _4440 |
|
| 852 |
_aNLR _j88-2/1510 |
||
| 942 | _cBOOK | ||
| 980 | _aNB | ||